000
00290nam a2200121Ia 4500
008
150201s2009 xx 000 0 und d
082
_a
363.7
_b
BAS
100
_a
Basak,Anindita
245
_a
environmental studies
260
_b
Pearson
_a
N.Delhi
_c
2009
300
_a
301p.
942
_2
ddc
_c
BK
_0
3
999
_c
5561
_d
5561